000 00341nam a22001457a 4500
003 OSt
005 20220127100332.0
008 220127b |||||||| |||| 00| 0 eng d
020 _a0070354367
040 _cH U
082 _a621.31042
100 _aKrause Paul C.
_928814
245 _aAnalysis of Electric Machinery
942 _2ddc
_cBOOKS
_n0
999 _c28085
_d28085